Vista normal
Vista MARC
Entrada Personal Name
Número de registros utilizados en: 1
001 - CONTROL NUMBER
- control field: 14764
003 - CONTROL NUMBER IDENTIFIER
- control field: OSt
005 - DATE AND TIME OF LATEST TRANSACTION
- control field: 20230915230255.0
008 - FIXED-LENGTH DATA ELEMENTS
- fixed length control field: 230915|| aca||aabn | a|a d
040 ## - CATALOGING SOURCE
- Original cataloging agency: OSt
- Transcribing agency: OSt
100 ## - HEADING--PERSONAL NAME
- Personal name: Lopez Dominguez, Luis Horacio
670 ## - SOURCE DATA FOUND
- Source citation: Work cat.: (OSt)22039: Lopez Dominguez, Luis Horacio, Administraciones de Santander 1826 - 1827, Biblioteca de la presidencia de la república administración Virgilio Barco